It looks like you're offline.
Open Library logo
additional options menu

MARC record from Internet Archive

LEADER: 00592cam a2200217 a 4500
001 82048012
003 DLC
005 20010709100928.0
008 820510s1982 nyu 000 1 eng
010 $a 82048012
020 $a039452814X
040 $aDLC$cDLC$dDLC
050 00 $aPS3554.E4425$bN3 1982
082 00 $a813/.54$219
100 1 $aDeLillo, Don.
245 14 $aThe names /$cby Don DeLillo.
250 $a1st ed.
260 $aNew York :$bKnopf :$bDistributed by Random House,$c1982.
300 $a339 p. ;$c22 cm.
650 0 $aAmericans$zGreece$xFiction.
651 0 $aAthens (Greece)$xFiction.